Desarrollo rural y cambio institucional /

Spremljeno u:
Bibliografski detalji
Glavni autor: Camacho Soto, María Antonieta
Format: Tekst
Teme:
Oznake: Dodaj oznaku
Bez oznaka, Budi prvi tko označuje ovaj zapis!

MARC

LEADER 00000 a a2200000 04500
001 12555
003
040
100 |a Camacho Soto, María Antonieta  
245 |a Desarrollo rural y cambio institucional /  |c María Antonieta Camacho Soto 
650 |a DESARROLLO RURAL  
650 |a DESARROLLO SOSTENIBLE  
650 |a DESCENTRALIZACION  
650 |a BIODIVERSIDAD  
650 |a PARTICIPACION SOCIAL  
773 |g volumen 1, número 1; páginas 85-98  
999 |c 38887  |d 38887